The formula for successful marketing : complete guide for marketing professionals

Bibliographic Details
Main Author: Mroz, Ralph
Format: Book
Published: Kuala Lumpur : Golden Books Centre , 1991
Subjects:

MARC

LEADER 00000cam a2200000 7i4500
001 0000005902
002 000006376
005 20000330.0
020 |a 9679959783 
090 0 0 |a 658.85   |b MRO 
100 1 |a Mroz, Ralph 
245 1 0 |a The formula for successful marketing :   |b complete guide for marketing professionals   |c Ralph Mroz 
260 |a Kuala Lumpur :   |b Golden Books Centre ,   |c 1991 
300 |a 93p. ;   |c 20cm. 
650 0 0 |a Marketing 
999 |a 033992   |b BUKU   |c PINJAMAN   |e PERPUSTAKAAN KOMUNITI PETALING JAYA